01366nam a22003737a 4500001001000000003000900010005001700019007000300036008003400039040005400073041001000127072003900137090001900176110009700195110007200292245019600364260003400560300001100594500001900605650001400624650001000638650001100648650000800659650001600667650002300683650002200706650002600728650001100754650001500765909003600780942000700816999001700823952015200840BR8005558BR-BrBNA20230928090740.0ta230509b bl.||||| |||| 00| 0 por d aBR-BrBNAbporcBiblioteca Nacional de Agricultura a(Por) aE70b1300b0500b9600b0100b/G514  1300 BR80055581 aSuperintendencia do Desenvolvimento do Nordeste, Recife, PE (Brasil). Div. de Abastecimento;1 aCentrais de Abastecimento de Pernambuco S.A., Recife (Brasil)913701 aAspectos da comercializacao de produtos hortigranjeiros e cereais na cidade do Recife [Pernambuco, Brasil]bConvenio MA/SUDENE/SAG/CEASA-PE; Sistema Nacional de Informacao de Mercado Agricola3 aRecife, PE (Brasil): c1980.  a345 p. aNumerical data aHORTALICA aFRUTA aCEREAL aOVO aPRECO MEDIO aMERCADO ATACADISTA aMERCADO VAREJISTA aESTATISTICA COMERCIAL aRECIFE aPERNAMBUCO a202309bLuciac55dLucia Elande cBK c30329d30329 002AGRIS40708AGROBASEa41918b41918l0o 1300 BR8005558p1300 BR8005558r2023-09-25t01yBK10d2023-09-25ePortaria Interministerial nÂș 164/94